Um charco na primavera (Registo nº 5931)
[ vista simples ]
| 000 -Etiqueta do registo | |
|---|---|
| Valores | 00710nam a2200229 4500 |
| 010 ## - Número ISBN | |
| ISBN | 9724212432 |
| 100 ## - Dados gerais de processamento | |
| Dados gerais | 20211231d1995 u||y0pory50 ba |
| 200 ## - Titulo e menção de responsabilidade | |
| Título próprio | Um charco na primavera |
| Primeira menção de responsabilidade | Saro de la Iglesia |
| Outras menções de responsabilidade | il. Sally Cutting ; trad. Ana Maria Pinto da Silva |
| 210 ## - Publicação | |
| Local de publicação | [S.l.] |
| Nome do editor | Círculo de leitores |
| Data de publicação | 1995 |
| 215 ## - Descrição física | |
| Paginação / Volumes | [12] p. |
| Outras indicações físicas | il. |
| 606 ## - Nome comum usado como assunto | |
| ID Autoridade | 14 |
| Palavra de ordem | Literatura infantil |
| 606 ## - Nome comum usado como assunto | |
| ID Autoridade | 13 |
| Palavra de ordem | Literatura Estrangeira |
| 675 ## - CDU | |
| Notação | 82-93 |
| Edição | BN |
| Língua | por |
| 675 ## - CDU | |
| Notação | 821.1/.8 |
| Edição | BN |
| Língua | por |
| 700 ## - Autor principal (pessoa individual) | |
| ID Autoridade | 4098 |
| Apelido | Iglesia |
| Nome | Saro de la |
| 702 ## - Autor secundário (pessoa individual) | |
| ID Autoridade | 4099 |
| Apelido | Cutting |
| Nome | Sally |
| Datas | 1949- |
| 702 ## - Autor secundário (pessoa individual) | |
| ID Autoridade | 627 |
| Apelido | Silva |
| Nome | Ana Maria Pinto da |
| 801 ## - Fonte de origem | |
| País | PT |
| Agência | BMVN |
| Regras de catalogação | RPC |
| 830 ## - Notas gerais do catalogador | |
| Criado por | Tânia Croca |
| Data de criação | 31/12/2021 |
| 990 ## - Elementos KOHA | |
| Tipo de documento | Livro |
| Situação do levantamento | Biblioteca de origem | Código de barras | Cota | Permissão de empréstimo | Tipo de documento | Forma de aquisição |
|---|---|---|---|---|---|---|
| Biblioteca Municipal de Vendas Novas | 100000018046 | LI EST/IGL | Livro |